书目信息 |
| 题名: |
大气环境及其保护
|
|
| 作者: | 施介宽 编著 | |
| 分册: | ||
| 出版信息: | 上海 华东化工学院出版社 2001 |
|
| 页数: | 142页 | |
| 开本: | 20cm | |
| 丛书名: | 当代环境科学技术丛书 | |
| 单 册: | ||
| 中图分类: | X51 | |
| 科图分类: | ||
| 主题词: | 空气 , 空气污染 , 空气污染--污染防治 , 大气环境--环境保护 | |
| 电子资源: | ||
| ISBN: | 7-5628-1165-2 | |
| 000 | 00716nam0 2200253 45 | |
| 001 | 0302180888 | |
| 005 | 20031219104103.7 | |
| 010 | @a7-5628-1165-2@dCNY7.00 | |
| 100 | @a20030218d2001 km y0chiy0120 ea | |
| 101 | 0 | @achi |
| 105 | @a z 000yy | |
| 200 | 1 | @a大气环境及其保护@ADa Qi Huan Jing Ji Qi Bao Hu@f施介宽编著@FShi Jie Kuan Bian Zhu |
| 210 | @a上海@c华东化工学院出版社@d2001 | |
| 215 | @a142页@d20cm | |
| 225 | @a当代环境科学技术丛书 | |
| 410 | @12001 @a当代环境科学技术丛书 | |
| 606 | 0 | @a空气 |
| 606 | 0 | @a空气污染 |
| 606 | 0 | @a空气污染@x污染防治 |
| 606 | 0 | @a大气环境@x环境保护 |
| 690 | @aX51@v4 | |
| 701 | 0 | @a施介宽@4编著 |
| 801 | @aCN@bTSTC@c20030218 | |
| 905 | @b319717-719@dX51@e19@f3 | |
| 大气环境及其保护/施介宽编著.-上海:华东化工学院出版社,2001 |
| 142页;20cm.-(当代环境科学技术丛书) |
| ISBN 7-5628-1165-2:CNY7.00 |
| ● |
| 相关链接 |
|
|
|
|
正题名:大气环境及其保护
索取号:X51/19
 
预约/预借
| 序号 | 登录号 | 条形码 | 馆藏地/架位号 | 状态 | 备注 |
| 1 | 0319717 | 203197174 | 第三借阅区/ [索取号:X51/19] | 在馆 | |
| 2 | 0319718 | 203197183 | 第三借阅区/ [索取号:X51/19] | 在馆 | |
| 3 | 0319719 | 203197192 | 第二样本阅览室/ [索取号:X51/19] | 在馆 |